[Event "Igualada Anoia op 13th"]
[Site "Igualada"]
[Date "2018.02.17"]
[Round "6"]
[White "Mateu Vives, Marcel"]
[Black "Busom Isach, Carlos"]
[Result "0-1"]
[WhiteElo "1630"]
[BlackElo "2060"]
[PlyCount "58"]
[EventDate "2018.01.13"]
[EventType "swiss"]
[EventRounds "8"]
[EventCountry "ESP"]
[SourceTitle "CBM 187 Extra"]
[Source "ChessBase"]
[SourceDate "2018.11.04"]
[SourceVersion "1"]
[SourceVersionDate "2018.11.04"]
[SourceQuality "1"]

1. d4 d5 2. Nf3 Nc6 3. c3 Bg4 4. Nbd2 f6 5. g3 Qd7 6. Bg2 Bh3 7. 0-0 h5 8. c4 Bxg2 9. Kxg2 dxc4 10. Nxc4 0-0-0 11. Be3 h4 12. Rh1 g5 13. Rc1 Nh6 14. Qd3 h3+ 15. Kf1 Nf5 16. Ncd2 g4 17. Nh4 Nxh4 18. gxh4 Nxd4 19. Rc4 e5 20. Ne4 Be7 21. Rg1 Nf3 22. Qxd7+ Rxd7 23. exf3 Rd1+ 24. Ke2 Rxg1 25. Bxa7 Rxh4 26. Ng3 gxf3+ 27. Kd3 Rxc4 28. Kxc4 b6 29. Nf5 Bf8 0-1

[Event "Catalunya-ch Seniors"]
[Site "Andorra"]
[Date "2006.07.25"]
[Round "8"]
[White "Queralto Roger, Esteve"]
[Black "Mateu Vives, Marcel"]
[Result "1/2-1/2"]
[WhiteElo "2015"]
[BlackElo "1833"]
[PlyCount "89"]
[EventDate "2006.07.18"]
[EventType "swiss"]
[EventRounds "9"]
[EventCountry "ESP"]
[SourceTitle "EXT 2019"]
[Source "ChessBase"]
[SourceDate "2018.10.10"]
[SourceVersion "1"]
[SourceVersionDate "2018.10.10"]
[SourceQuality "1"]

1. d4 Nf6 2. c4 g6 3. Nf3 Bg7 4. Nc3 d5 5. cxd5 Nxd5 6. e4 Nxc3 7. bxc3 0-0 8. Ba3 b6 9. Bc4 Bb7 10. 0-0 Re8 11. Re1 e6 12. Qb3 Nc6 13. Qc2 Qc8 14. Rad1 Ba6 15. Bxa6 Qxa6 16. Bc1 Rad8 17. Bf4 Qc8 18. e5 Ne7 19. Bg5 h6 20. Bd2 c5 21. Qc1 Kh7 22. Re4 cxd4 23. Nxd4 Rd5 24. Rh4 Ng8 25. Nf3 Qd7 26. Ng5+ Kh8 27. Ne4 Qe7 28. Bg5 Rxd1+ 29. Qxd1 Qf8 30. Nf6 Rd8 31. Qc1 Bxf6 32. exf6 Kh7 33. g4 Rd5 34. c4 Rd4 35. Be3 Rd3 36. Bxh6 Nxh6 37. g5 Qd8 38. Qf4 Rd1+ 39. Kg2 Qa8+ 40. f3 Qd8 41. Rxh6+ Kg8 42. Rh4 Qd2+ 43. Qxd2 Rxd2+ 44. Kg3 Rxa2 45. Rd4 1/2-1/2

[Event "Catalunya-ch Seniors"]
[Site "Andorra"]
[Date "2006.07.22"]
[Round "5"]
[White "Mateu Vives, Marcel"]
[Black "Cardo Bornas, Ignasi"]
[Result "1/2-1/2"]
[WhiteElo "1833"]
[BlackElo "2048"]
[PlyCount "111"]
[EventDate "2006.07.18"]
[EventType "swiss"]
[EventRounds "9"]
[EventCountry "ESP"]
[SourceTitle "EXT 2019"]
[Source "ChessBase"]
[SourceDate "2018.10.10"]
[SourceVersion "1"]
[SourceVersionDate "2018.10.10"]
[SourceQuality "1"]

1. d4 d5 2. Bg5 g6 3. Nf3 Bg7 4. e3 Bg4 5. Be2 Nf6 6. h3 Bd7 7. c4 c6 8. cxd5 Nxd5 9. 0-0 Qb6 10. Qd2 Bf5 11. Nc3 Nxc3 12. bxc3 Qc7 13. Bf4 Qc8 14. g4 Bd7 15. Rab1 b6 16. Ne5 f6 17. Nxd7 Qxd7 18. Bc4 e6 19. a4 0-0 20. Qa2 Re8 21. Rfd1 Kh8 22. e4 Qe7 23. Bg3 Nd7 24. d5 exd5 25. exd5 cxd5 26. Bxd5 Rac8 27. c4 Nc5 28. a5 Ne4 29. Bxe4 Qxe4 30. Re1 Qxe1+ 31. Rxe1 Rxe1+ 32. Kg2 Rc1 33. axb6 axb6 34. Qa6 R1xc4 35. Qxb6 h6 36. Qb5 Rd4 37. Qb7 Rcd8 38. h4 Rxg4 39. Qe7 Rgd4 40. Bc7 R8d7 41. Qe8+ Kh7 42. Bg3 h5 43. Qe2 Bh6 44. Kh3 Bf4 45. Bxf4 Rxf4 46. Qe6 Rb7 47. Kg3 Rg4+ 48. Kh3 Kg7 49. Qd5 Rbb4 50. Qd7+ Kh6 51. Qd2+ Rbf4 52. f3 Rxh4+ 53. Kg3 g5 54. Qd8 Kg6 55. Qg8+ Kh6 56. Qh8+ 1/2-1/2